Normal view
MARC view
Entry Topical Term
001 - CONTROL NUMBER
- control field: 30260
003 - CONTROL NUMBER IDENTIFIER
- control field: dpl
005 - DATE AND TIME OF LATEST TRANSACTION
- control field: 20110728103104.0
008 - FIXED-LENGTH DATA ELEMENTS
- fixed length control field: 110728|||a|||||| | ||| d
040 ## - CATALOGING SOURCE
- Original cataloging agency: dpl
- Transcribing agency: dpl
150 ## - HEADING--TOPICAL TERM
- Topical term or geographic name as entry element: Complete Exam, CAT
670 ## - SOURCE DATA FOUND
- Source citation: Work cat.: (dpl)39670: Sharma, Arun 30259, How to prepare quantative apptitude for the CAT /, 2011
670 ## - SOURCE DATA FOUND
- Source citation: Work cat.: (dpl)39670: Sharma, Arun 30259, How to prepare quantative apptitude for the CAT /, 2011
